000 00726nas a2200277 4500
001 BR9600139
003 BR-BrBNA
005 20231205095646.0
007 ta
008 230509b bl.|||p| |||| 00| 00por d
040 _aBR-BrBNA
_bpor
_cBiblioteca Nacional de Agricultura
041 _a(Pt)
072 _aQ60
100 1 _aSalgado, A.L. de B.
100 1 _aAzzini, A.
245 1 _aConservacao do bambu
650 _aBambu
650 _aMaturacao
650 _aCorte
650 _aSecagem
650 _aTratamento
650 _aConservacao
773 0 _tAgronomico (Brazil)
_xISSN 0365-2726
_g(Jan-Dec 1994), v. 46(1-3) p. 21-26
_wBR9600139
909 _a202311
_bLúcia
_c55
_dLúcia Elande
942 _2AGRIS
_n0
_cANA
999 _c151974
_d151974